LEADER 03675nam 2200733 450 001 9910463407703321 005 20180322131736.0 010 $a1-63157-028-5 035 $a(CKB)2670000000588388 035 $a(EBL)1901826 035 $a(SSID)ssj0001537040 035 $a(PQKBManifestationID)11869878 035 $a(PQKBTitleCode)TC0001537040 035 $a(PQKBWorkID)11512829 035 $a(PQKB)11581481 035 $a(OCoLC)900011256 035 $a(CaBNVSL)swl00404590 035 $a(MiAaPQ)EBC1901826 035 $a(EXLCZ)992670000000588388 100 $a20150111d2015 fy 0 101 0 $aeng 135 $aur|n|---||||| 181 $ctxt 182 $cc 183 $acr 200 10$aFeasibility analysis for sustainable technologies $ean engineering-economic perspective /$fScott R. Herriott 205 $aFirst edition. 210 1$aNew York, New York (222 East 46th Street, New York, NY 10017) :$cBusiness Expert Press,$d2015. 215 $a1 online resource (318 p.) 225 1 $aEnvironmental and social sustainability for business advantage collection,$x2327-3348 300 $aDescription based upon print version of record. 311 $a1-322-51943-9 311 $a1-63157-027-7 320 $aIncludes bibliographical references (pages 285-293) and index. 327 $a1. Sustainable technologies -- 2. Capacity -- 3. Efficiency -- 4. Constraints -- 5. Dependability -- 6. Cost structure -- 7. Break-even analysis -- 8. Basic financial analysis of technology -- 9. Valuation of commercial projects -- 10. Accounting for environmental benefits -- Appendices -- About the author -- Notes -- References -- Index. 330 3 $aThis book leads the reader into a professional feasibility analysis for a renewable energy or energy efficiency project. The analysis begins with an understanding of the basic engineering description of technology in terms of capacity, efficiency, constraints, and dependability. It continues in modeling the cash flow of a project, which is affected by the installed cost, the revenues or expenses avoided by using the technology, the operating expenses of the technology, available tax credits and rebates, and laws regarding depreciation and income tax. The feasibility study is completed by discounted cash flow analysis, using an appropriate discount rate and a proper accounting for inflation, to evaluate the financial viability of the project. The elements of this analysis are illustrated using numerous examples of solar, wind, and hydroelectric power, biogas digestion, energy storage, biofuels, and energy-efficient appliances and buildings. 410 0$aEnvironmental and social sustainability for business advantage collection.$x2327-3348 606 $aSustainable development$xManagement 606 $aFeasibility studies 608 $aElectronic books. 610 $abiofuels 610 $abiogas digestion 610 $aenergy efficiency 610 $aenergy storage 610 $afeasibility analysis 610 $afeasibility study 610 $ahydroelectric power 610 $arenewable energy 610 $arenewable power systems 610 $asolar photovoltaics 610 $asolar thermal electric power 610 $asustainable technologies 610 $awind power 615 0$aSustainable development$xManagement. 615 0$aFeasibility studies. 676 $a628 700 $aHerriott$b Scott R.$0883149 801 0$bMiAaPQ 801 1$bMiAaPQ 801 2$bMiAaPQ 906 $aBOOK 912 $a9910463407703321 996 $aFeasibility analysis for sustainable technologies$91972789 997 $aUNINA LEADER 01993oam 2200445zu 450 001 9910141043903321 005 20241212220030.0 010 $a9781424483044 010 $a1424483042 035 $a(CKB)2670000000070575 035 $a(SSID)ssj0000527532 035 $a(PQKBManifestationID)12224557 035 $a(PQKBTitleCode)TC0000527532 035 $a(PQKBWorkID)10525650 035 $a(PQKB)10349746 035 $a(NjHacI)992670000000070575 035 $a(EXLCZ)992670000000070575 100 $a20160829d2010 uy 101 0 $aeng 135 $aur||||||||||| 181 $ctxt 182 $cc 183 $acr 200 10$a2010 IEEE International Conference on Bioinformatics and Biomedicine Workshops 210 31$a[Place of publication not identified]$cIEEE$d2010 215 $a1 online resource (xviii, 885 pages) $cillustrations 300 $aBibliographic Level Mode of Issuance: Monograph 311 08$a9781424483037 311 08$a1424483034 327 $aWorkshop 1: Graph Theoretic Analysis of Biological Networks -- Workshop 2: Computational Proteomics -- Workshop 3: Mining and Management of Biological and Health Dat -- Workshop 4: Integrative Data Analysis in Systems Biology -- Workshop 5: Data Mining for High Throughput Data from Genome-wide Association Studies -- Workshop 6: Bioinformatics for MicroRNA and Disease -- Workshop 7: Knowledge Engineering, Discovery and Dissemination in Health -- Workshop 8: Data Mining for Biomarker Discovery -- Workshop 9: Data-mining of Next-Generation Sequencing Data -- Workshop 10: Information Technology for Chinese Medicine. 606 $aBioinformatics$vCongresses 615 0$aBioinformatics 676 $a572.80285 702 $aieee 712 02$aInstitute of Electrical and Electronics Engineers, 801 0$bPQKB 906 $aPROCEEDING 912 $a9910141043903321 996 $a2010 IEEE International Conference on Bioinformatics and Biomedicine Workshops$92531450 997 $aUNINA